A-X-L / Global Road Entertainment and Lakeshore ... Read More
Available copies
- 2 of 2 copies available at LARL/NWRL Consortium.
Current holds
0 current holds with 2 total copies.
Show Only Available Copies
| Location | Call Number / Copy Notes | Barcode | Shelving Location | Status | Due Date |
|---|---|---|---|---|---|
| Hallock Public Library | DVD j AXL (Text) | 35500005612724 | Main | Available | - |
| Warroad Public Library | DVD j AXL (Text) | 35500005612716 | Main | Available | - |
Record details
- Physical Description: 1 videodisc (99 min.) : sound, color ; 4 3/4 in.
- Publisher: Los Angeles, CA : Global Road Entertainment, [2019]
Content descriptions
| General Note: | Originally released as a motion picture in 2018. |
| Creation/Production Credits Note: | Director of photography, Tim Orr ; editor, Jeff ... Read More |
| Participant or Performer Note: | Alex Neustaedter, Becky G, Alex MacNicoll, Dominic ... Read More |
| Summary, etc.: | A top-secret robotic dog connects with a ... Read More |
| Target Audience Note: | MPAA rating: PG; for sci-fi action/peril, ... Read More |
| System Details Note: | DVD; region 1; NTSC; widescreen (16x9, 2.40:1); ... Read More |
| Language Note: | English or dubbed Spanish dialogue; Spanish ... Read More |
Search for related items by subject
| Subject: | Motocross > Juvenile films. Robotic pets > Juvenile films. Motocross. Robotic pets. |
| Genre: | Science fiction. Action and adventure films. Fiction films. Feature films. Video recordings for the hearing impaired. Action and adventure films. Children's films. Science fiction. |
| LDR | 04113cgm a2200913Ii 4500 | ||
|---|---|---|---|
| 001 | 306855 | ||
| 003 | LARL_NWRL_CONSORTIUM | ||
| 005 | 20190107181251.0 | ||
| 007 | vd cvaizq | ||
| 008 | 181018s2019 cau099 j vleng d | ||
| 040 | . | ‡aFSP ‡beng ‡erda ‡cFSP ‡dTEF ‡dOCLCF ‡dILE ‡dRCL ‡dIHV ‡dNRG | |
| 024 | 1 | . | ‡a191329014004 |
| 028 | 4 | 2. | ‡a12194658 |
| 028 | 4 | 2. | ‡a55187458 ‡bGlobal Road Entertainment ‡q(container) |
| 028 | 4 | 2. | ‡a2090671 ‡bGlobal Road Entertainment ‡q(container) |
| 028 | 4 | 2. | ‡a1062250 ‡bGlobal Road Entertainment ‡q(disc) |
| 028 | 4 | 2. | ‡a2071906 ‡bGlobal Road Entertainment ‡q(disc) |
| 028 | 4 | 2. | ‡a2086192X ‡bOpen Road |
| 035 | . | ‡a(OCoLC)1059486354 | |
| 041 | 1 | . | ‡aeng ‡aspa ‡jeng ‡jspa ‡heng |
| 046 | . | ‡k2018 | |
| 082 | 0 | 4. | ‡a791.43/72 ‡223 |
| 049 | . | ‡aNRGA | |
| 245 | 0 | 0. | ‡aA-X-L / ‡cGlobal Road Entertainment and Lakeshore Entertainment present a Lakeshore Entertainment production, a Global Road Entertainment production ; in association with Phantom Four Films ; written and directed by Oliver Daly ; producers, David S. Goyer, Kevin Turen, Tom Rosenberg, Gary Lucchesi, Richard Wright, Eric Reid. |
| 246 | 3 | . | ‡aA.X.L. |
| 246 | 3 | . | ‡aAXL |
| 257 | . | ‡aUnited States ‡2naf | |
| 264 | 1. | ‡aLos Angeles, CA : ‡bGlobal Road Entertainment, ‡c[2019] | |
| 300 | . | ‡a1 videodisc (99 min.) : ‡bsound, color ; ‡c4 3/4 in. | |
| 336 | . | ‡atwo-dimensional moving image ‡btdi ‡2rdacontent | |
| 337 | . | ‡avideo ‡bv ‡2rdamedia | |
| 338 | . | ‡avideodisc ‡bvd ‡2rdacarrier | |
| 344 | . | ‡adigital ‡2rdatr | |
| 344 | . | ‡boptical ‡2rdarm | |
| 344 | . | ‡gsurround ‡2rdacpc | |
| 344 | . | ‡hDolby Digital 5.1 | |
| 346 | . | ‡bNTSC ‡2rdabs | |
| 347 | . | ‡avideo file ‡2rdaft | |
| 347 | . | ‡bDVD video | |
| 347 | . | ‡eregion 1 ‡2rdare | |
| 538 | . | ‡aDVD; region 1; NTSC; widescreen (16x9, 2.40:1); Dolby Digital 5.1; dual layer. | |
| 546 | . | ‡aEnglish or dubbed Spanish dialogue; Spanish subtitles; English subtitles for the deaf and hard of hearing (SDH). | |
| 511 | 1 | . | ‡aAlex Neustaedter, Becky G, Alex MacNicoll, Dominic Rains, Lou Taylor Pucci, Thomas Jane, Ted McGinley. |
| 508 | . | ‡aDirector of photography, Tim Orr ; editor, Jeff McEvoy ; music by Ian Hultquist. | |
| 500 | . | ‡aOriginally released as a motion picture in 2018. | |
| 521 | 8 | . | ‡aMPAA rating: PG; for sci-fi action/peril, suggestive material, thematic elements and some language. |
| 520 | . | ‡aA top-secret robotic dog connects with a kind-hearted outsider, Miles, while on the run from the scientists who created him. | |
| 650 | 0. | ‡aMotocross ‡vJuvenile films. | |
| 650 | 0. | ‡aRobotic pets ‡vJuvenile films. | |
| 650 | 7. | ‡aMotocross. ‡2fast ‡0(LARL_NWRL_CONSORTIUM)26140 | |
| 650 | 7. | ‡aRobotic pets. ‡2fast | |
| 655 | 7. | ‡aScience fiction. ‡2lcgft | |
| 655 | 7. | ‡aAction and adventure films. ‡2lcgft ‡0(LARL_NWRL_CONSORTIUM)175617 | |
| 655 | 7. | ‡aFiction films. ‡2lcgft ‡0(LARL_NWRL_CONSORTIUM)175626 | |
| 655 | 7. | ‡aFeature films. ‡2lcgft ‡0(LARL_NWRL_CONSORTIUM)175625 | |
| 655 | 7. | ‡aVideo recordings for the hearing impaired. ‡2lcgft ‡0(LARL_NWRL_CONSORTIUM)175744 | |
| 655 | 7. | ‡aAction and adventure films. ‡2fast ‡0(LARL_NWRL_CONSORTIUM)175617 | |
| 655 | 7. | ‡aChildren's films. ‡2fast ‡0(LARL_NWRL_CONSORTIUM)175624 | |
| 655 | 7. | ‡aScience fiction. ‡2fast | |
| 700 | 1 | . | ‡aDaly, Oliver, ‡efilm director, ‡escreenwriter. |
| 700 | 1 | . | ‡aGoyer, David S., ‡efilm producer. ‡0(LARL_NWRL_CONSORTIUM)135313 |
| 700 | 1 | . | ‡aTuren, Kevin, ‡d1979- ‡efilm producer. |
| 700 | 1 | . | ‡aRosenberg, Tom, ‡efilm producer. ‡0(LARL_NWRL_CONSORTIUM)147167 |
| 700 | 1 | . | ‡aLucchesi, Gary, ‡efilm producer. ‡0(LARL_NWRL_CONSORTIUM)147527 |
| 700 | 1 | . | ‡aWright, Richard, ‡d1960 August 1- ‡efilm producer. |
| 700 | 1 | . | ‡aReid, Eric, ‡efilm producer. |
| 700 | 1 | . | ‡aNeustaedter, Alex, ‡d1998- ‡eactor. |
| 700 | 1 | . | ‡aG, Becky, ‡d1997- ‡eactor. |
| 700 | 1 | . | ‡aMacNicoll, Alex, ‡eactor. |
| 700 | 1 | . | ‡aRains, Dominic, ‡d1982- ‡eactor. |
| 700 | 1 | . | ‡aPucci, Lou Taylor, ‡d1985- ‡eactor. ‡0(LARL_NWRL_CONSORTIUM)210351 |
| 700 | 1 | . | ‡aJane, Thomas, ‡eactor. ‡0(LARL_NWRL_CONSORTIUM)146146 |
| 700 | 1 | . | ‡aMcGinley, Ted, ‡eactor. ‡0(LARL_NWRL_CONSORTIUM)220422 |
| 710 | 2 | . | ‡aGlobal Road Entertainment (Firm), ‡eproduction company, ‡epublisher. |
| 710 | 2 | . | ‡aLakeshore Entertainment (Firm), ‡eproduction company. ‡0(LARL_NWRL_CONSORTIUM)144212 |
| 710 | 2 | . | ‡aPhantom Four (Firm), ‡eproduction company. |
| 905 | . | ‡ubacont | |
| 901 | . | ‡a306855 ‡b ‡c306855 ‡tbiblio ‡soclc | |

Add to basket
Permalink
Disable Highlighting